00611nam a2200157 a 45000010005000000030005000050050017000100080041000270400020000681110076000882450063001642600106002279420008003339990015003419520097003562595CDMR20130116135233.0130130s2008||||||||||||||||||||||||||||d aCDMRbcatcCDMR2 aForum Mundial de la Televisió InfantilcBarcelonad2007n11enes9194510aLlibre del Fòrum Mundial de la Televisió Infantil 2007 aBarcelonac2008bObservatori Europeu de la Televisió Infantil. Comissionat de les Arts Audiovisuals cMON c2595d2595 00104070aCDMRbCDMRd2013-01-16l0oBcpBc356127201301161258r2013-01-16w2013-01-16yMON